[Event "Junior Online 4NCL Division 4"]
[Site "online"]
[Date "2021.02.18"]
[EventDate "2021.02.18"]
[Round "3.43"]
[White "Sawyer, Charlie"]
[WhiteElo "941"]
[WhiteTeam "Muswell Hill Knights"]
[Black "Bedretdinov, Rasul"]
[BlackElo "1037"]
[BlackTeam "Tetherdown Bishops"]
[Result "0-1"]
[PlyCount "76"]

1. e4 e5 2. Nf3 Nc6 3. Bc4 Nf6 4. Ng5 d5 5. exd5 Na5 6. b3 Nxd5 7. Bb2 Nxc4 8. bxc4 Qxg5 9. cxd5 Qxg2 10. Rf1 Bg4 11. f3 Bh3 12. Rf2 Qg1+ 13. Ke2 Qxd1+ 14. Kxd1 Bd6 15. Re2 f6 16. f4 Bg4 17. Nc3 Bxe2+ 18. Kxe2 O-O-O 19. Re1 exf4 20. Kf3 Be5 21. Re4 Bxc3 22. Bxc3 Rxd5 23. Kxf4 b6 24. d3 Rh5 25. Re2 Rc5 26. Bd2 Rxc2 27. Kf3 Rxa2 28. Bf4 Rxe2 29. Kxe2 Re8+ 30. Kf3 a5 31. Kg4 a4 32. Kf5 a3 33. Kg4 a2 34. Bd2 a1=Q 35. Bb4 Qf1 36. d4 h5+ 37. Kxh5 Qg2 38. Kh4 Rh8# 0-1

[Event "Junior Online 4NCL Division 4"]
[Site "online"]
[Date "2021.02.18"]
[EventDate "2021.02.18"]
[Round "3.45"]
[White "Bhattacharya, Cali"]
[WhiteElo "1331"]
[WhiteTeam "Tetherdown Bishops"]
[Black "Qiu, Calvin"]
[BlackElo "1073"]
[BlackTeam "Muswell Hill Knights"]
[Result "1-0"]
[PlyCount "57"]

1. e4 e5 2. Nf3 Nc6 3. Bc4 Bc5 4. O-O d6 5. h3 Nf6 6. d3 h6 7. Be3 Bb6 8. Nc3 Na5 9. Bb3 Nxb3 10. axb3 Be6 11. Ne2 O-O 12. Ng3 Qd7 13. Nh2 c5 14. f4 Qc6 15. f5 Bd7 16. Nh5 Nh7 17. Qg4 g5 18. Qg3 Bd8 19. Ng4 f6 20. Nxh6+ Kh8 21. h4 Be8 22. Qg4 Bf7 23. hxg5 fxg5 24. f6 Nxf6 25. Nxf6 Bxf6 26. Rxf6 Kg7 27. Qxg5+ Kh7 28. Nxf7 Rg8 29. Rh6# 1-0

[Event "Junior Online 4NCL Division 4"]
[Site "online"]
[Date "2021.02.18"]
[EventDate "2021.02.18"]
[Round "3.46"]
[White "Bedretdinov, Ruslan"]
[WhiteElo "1120"]
[WhiteTeam "Muswell Hill Knights"]
[Black "Leustean, Maia"]
[BlackElo "1059"]
[BlackTeam "Tetherdown Bishops"]
[Result "1-0"]
[PlyCount "85"]

1. e4 e5 2. Nf3 Nc6 3. Nc3 Nf6 4. d4 exd4 5. Nxd4 Bb4 6. Qd3 d5 7. exd5 Nxd5 8. Bd2 Ne5 9. Qb5+ c6 10. Qe2 O-O 11. Qxe5 Bxc3 12. Bxc3 Nxc3 13. bxc3 Qe8 14. Qxe8 Rxe8+ 15. Be2 Bg4 16. f3 Be6 17. Nxe6 Rxe6 18. Kf2 g6 19. Rhe1 Rd6 20. Rad1 Rad8 21. Rxd6 Rxd6 22. Rd1 Rxd1 23. Bxd1 b5 24. Be2 a6 25. c4 bxc4 26. Bxc4 a5 27. a4 c5 28. Bb5 h5 29. g4 hxg4 30. fxg4 f5 31. gxf5 gxf5 32. Kg3 Kg7 33. Kf4 Kg6 34. Bd3 Kh5 35. Kxf5 Kh4 36. Ke5 Kh3 37. Kd5 Kxh2 38. Kxc5 Kg2 39. Kb5 Kf3 40. Kxa5 Ke3 41. Kb5 Kd4 42. a5 Kc3 43. a6 1-0

[Event "Junior Online 4NCL Division 4"]
[Site "online"]
[Date "2021.02.18"]
[EventDate "2021.02.18"]
[Round "3.47"]
[White "Bedretdinov, Rasul"]
[WhiteElo "1037"]
[WhiteTeam "Tetherdown Bishops"]
[Black "Sawyer, Charlie"]
[BlackElo "941"]
[BlackTeam "Muswell Hill Knights"]
[Result "0-1"]
[PlyCount "94"]

1. e4 e5 2. Nf3 Nc6 3. Bc4 Bc5 4. c3 h6 5. d4 exd4 6. cxd4 Bd6 7. O-O b6 8. Nc3 Bb7 9. a3 g5 10. Qb3 Qe7 11. Nd5 Na5 12. Qd3 Qd8 13. b4 Nxc4 14. Qxc4 Ne7 15. Nf6+ Kf8 16. e5 Ng8 17. Nxg8 Rxg8 18. exd6 cxd6 19. Nd2 Rc8 20. Qb3 Qf6 21. d5 Qf5 22. Qg3 Qxd5 23. Qh3 Rh8 24. Nf3 Ke7 25. Bxg5+ hxg5 26. Rfe1+ Kf6 27. Qg3 Rcg8 28. Rad1 Qc6 29. Rxd6+ Qxd6 30. Qxd6+ Kg7 31. Nxg5 Rh5 32. Qd4+ Kf8 33. g3 Rgxg5 34. Qd6+ Kg8 35. Qxd7 Bd5 36. h4 Rg6 37. Re8+ Kg7 38. Qe7 Rf6 39. Qf8+ Kg6 40. Qe7 Rhf5 41. Qe3 Bc6 42. Re5 Rxe5 43. Qxe5 Re6 44. Qg5+ Kh7 45. Qf5+ Kg7 46. h5 Re1+ 47. Kh2 Rh1# 0-1

[Event "Junior Online 4NCL Division 4"]
[Site "online"]
[Date "2021.02.18"]
[EventDate "2021.02.18"]
[Round "3.48"]
[White "Gold, Jonah"]
[WhiteElo "816"]
[WhiteTeam "Muswell Hill Knights"]
[Black "Kirk, Alex"]
[BlackElo "1078"]
[BlackTeam "Tetherdown Bishops"]
[Result "0-1"]
[PlyCount "50"]

1. e4 e5 2. Nf3 Nc6 3. Bc4 Nf6 4. Ng5 d5 5. exd5 Nxd5 6. Qh5 g6 7. Qf3 Qxg5 8. Qxd5 Be6 9. Qb5 Bxc4 10. Qxc4 Qxg2 11. Qf1 Qxf1+ 12. Rxf1 Nd4 13. Na3 Bxa3 14. bxa3 Nxc2+ 15. Kd1 Nxa1 16. Re1 f6 17. Bb2 O-O-O 18. Bxa1 Rd7 19. Re3 Rhd8 20. Re2 Rd3 21. a4 g5 22. a5 g4 23. Bc3 Rxc3 24. a4 Ra3 25. Ke1 Ra1# 0-1

[Event "Junior Online 4NCL Division 4"]
[Site "online"]
[Date "2021.02.18"]
[EventDate "2021.02.18"]
[Round "3.51"]
[White "Popat, Imara"]
[WhiteElo "1137"]
[WhiteTeam "Edgware Gambits F"]
[Black "Kanellopoulos, Nickolas"]
[BlackElo "1465"]
[BlackTeam "Colchester Juniors B"]
[Result "0-1"]
[PlyCount "82"]

1. e4 e5 2. Nf3 Nc6 3. Bc4 Bc5 4. O-O Nf6 5. Nc3 d6 6. h3 Be6 7. Nd5 O-O 8. Nxf6+ Qxf6 9. Bd5 Qg6 10. Bxe6 fxe6 11. c3 Qxe4 12. Re1 Qg6 13. d4 exd4 14. cxd4 Bb4 15. Bd2 Bxd2 16. Qxd2 Rxf3 17. d5 exd5 18. Qxd5+ Rf7 19. Re6 Qf5 20. Qxf5 Rxf5 21. g4 Rf6 22. Re2 Raf8 23. Rae1 Nd4 24. Re8 Nf3+ 25. Kf1 Nxe1 26. Rxf8+ Kxf8 27. Kxe1 Ke7 28. Ke2 Ke6 29. Ke3 d5 30. f4 g6 31. h4 h5 32. g5 Rf5 33. Kf3 Kd6 34. a3 Kc5 35. Ke3 Kc4 36. b4 d4+ 37. Ke4 d3 38. b5 d2 39. b6 cxb6 40. a4 d1=Q 41. a5 Qe2# 0-1

[Event "Junior Online 4NCL Division 4"]
[Site "online"]
[Date "2021.02.18"]
[EventDate "2021.02.18"]
[Round "3.52"]
[White "Balaggan, Karam S"]
[WhiteElo "1313"]
[WhiteTeam "Colchester Juniors B"]
[Black "Patel, Amya Hetal"]
[BlackElo "1167"]
[BlackTeam "Edgware Gambits F"]
[Result "1-0"]
[PlyCount "55"]

1. e4 e6 2. d4 d5 3. exd5 exd5 4. Nc3 Nf6 5. Nf3 Bb4 6. Bg5 O-O 7. Be2 Nc6 8. O-O Bxc3 9. bxc3 Re8 10. Re1 h6 11. Bh4 Be6 12. Ne5 Rb8 13. Bb5 Qe7 14. Bxc6 bxc6 15. Nxc6 Qd7 16. Nxb8 Rxb8 17. Bxf6 gxf6 18. Rb1 Rf8 19. Qf3 Bg4 20. Qg3 Kh8 21. h3 Bf5 22. Qf4 Rg8 23. Qxh6+ Bh7 24. Qxf6+ Rg7 25. Rb8+ Bg8 26. Ree8 Qxh3 27. Rxg8+ Kh7 28. Qxg7# 1-0

[Event "Junior Online 4NCL Division 4"]
[Site "online"]
[Date "2021.02.18"]
[EventDate "2021.02.18"]
[Round "3.53"]
[White "Patel, Rohan"]
[WhiteElo "1140"]
[WhiteTeam "Edgware Gambits F"]
[Black "Granger, Charlotte"]
[BlackElo "1308"]
[BlackTeam "Colchester Juniors B"]
[Result "0-1"]
[PlyCount "78"]

1. e4 e5 2. Nf3 Nc6 3. Bc4 Bc5 4. O-O d6 5. h3 Nf6 6. Nc3 O-O 7. d3 Bd7 8. Bg5 h6 9. Bh4 a6 10. Nd5 g5 11. Bg3 b5 12. Bb3 Nd4 13. Nxd4 exd4 14. a3 c6 15. Nb4 a5 16. Na2 a4 17. Bxa4 bxa4 18. c4 Qb8 19. b4 Bb6 20. Rb1 Qc7 21. c5 Ba7 22. Bxd6 Qd8 23. Bxf8 Qxf8 24. Qxa4 Bxc5 25. Qb3 Bd6 26. Rfe1 Be5 27. a4 Qb8 28. b5 Bh2+ 29. Kf1 Qf4 30. f3 Bg3 31. Re2 g4 32. hxg4 Nxg4 33. Kg1 Bh2+ 34. Kh1 Bg3 35. fxg4 Qxg4 36. Rc2 Qh4+ 37. Kg1 Qh2+ 38. Kf1 Bg4 39. Rf2 Qh1# 0-1

[Event "Junior Online 4NCL Division 4"]
[Site "online"]
[Date "2021.02.18"]
[EventDate "2021.02.18"]
[Round "3.54"]
[White "Beer, James"]
[WhiteElo "1275"]
[WhiteTeam "Colchester Juniors B"]
[Black "Rahamim, Liad"]
[BlackElo "1179"]
[BlackTeam "Edgware Gambits F"]
[Result "1-0"]
[PlyCount "43"]

1. e4 e5 2. Nf3 Nf6 3. Nc3 Nc6 4. Bc4 h6 5. d4 d6 6. dxe5 dxe5 7. Qxd8+ Nxd8 8. Be3 Nc6 9. O-O-O Bd6 10. a3 O-O 11. Nb5 Be7 12. h3 Bd7 13. Nxc7 Rac8 14. Nb5 Na5 15. Bd3 Rcd8 16. Nxa7 Bd6 17. Be2 Rb8 18. Rxd6 Nxe4 19. Rxd7 Rbd8 20. Rxd8 Rxd8 21. Bb6 Rd2 22. Nxd2 1-0

[Event "Junior Online 4NCL Division 4"]
[Site "online"]
[Date "2021.02.18"]
[EventDate "2021.02.18"]
[Round "3.55"]
[White "Kanellopoulos, Nickolas"]
[WhiteElo "1465"]
[WhiteTeam "Colchester Juniors B"]
[Black "Popat, Imara"]
[BlackElo "1137"]
[BlackTeam "Edgware Gambits F"]
[Result "0-1"]
[PlyCount "75"]

1. e4 c5 2. Nc3 Nc6 3. g3 Nf6 4. Bg2 b6 5. Nge2 Bb7 6. d4 cxd4 7. Nxd4 e5 8. Nxc6 Bxc6 9. O-O h6 10. Nd5 Bc5 11. Re1 O-O 12. Nxf6+ Qxf6 13. Rf1 Bb5 14. Re1 Bxf2+ 15. Kh1 Bxe1 16. Qxe1 Rac8 17. c3 Bc6 18. Be3 Rcd8 19. Qd2 Qe6 20. Rd1 Qxa2 21. Bxh6 gxh6 22. Qxh6 Qe6 23. Qg5+ Qg6 24. Qxe5 Rde8 25. Qf4 Bxe4 26. Rxd7 Bxg2+ 27. Kxg2 Qc6+ 28. Kh3 Qxd7+ 29. Kh4 Qe6 30. g4 f5 31. Qg5+ Kh8 32. Qh5+ Kg8 33. Qg5+ Kf7 34. Qh5+ Ke7 35. Qg5+ Kd7 36. Qd2+ Qd6 37. Qg2 fxg4 38. Qf2 0-1

[Event "Junior Online 4NCL Division 4"]
[Site "online"]
[Date "2021.02.18"]
[EventDate "2021.02.18"]
[Round "3.56"]
[White "Patel, Amya Hetal"]
[WhiteElo "1167"]
[WhiteTeam "Edgware Gambits F"]
[Black "Balaggan, Karam S"]
[BlackElo "1313"]
[BlackTeam "Colchester Juniors B"]
[Result "1-0"]
[PlyCount "71"]

1. e4 c5 2. Nf3 d6 3. d4 cxd4 4. Nxd4 Nf6 5. Nc3 Nc6 6. Nb3 a5 7. Bg5 a4 8. Nd2 Nd4 9. Be2 e5 10. Nf3 h6 11. Bxf6 Qxf6 12. Nxd4 exd4 13. Nd5 Qd8 14. Bb5+ Bd7 15. Bxd7+ Qxd7 16. Nb6 Qd8 17. Nxa8 Qxa8 18. Qxd4 Qa5+ 19. c3 a3 20. b4 Qe5 21. Qxe5+ Be7 22. Qxg7 Rf8 23. Qxh6 Kd8 24. Rd1 Kd7 25. e5 Kc7 26. exd6+ Bxd6 27. Rxd6 Re8+ 28. Kd1 Rd8 29. Rxd8 Kxd8 30. Re1 Kd7 31. Qf6 Kc7 32. Re5 Kd7 33. Rh5 Kc8 34. Rh6 Kd7 35. Qxf7+ Kd8 36. Rh8# 1-0

[Event "Junior Online 4NCL Division 4"]
[Site "online"]
[Date "2021.02.18"]
[EventDate "2021.02.18"]
[Round "3.57"]
[White "Granger, Charlotte"]
[WhiteElo "1308"]
[WhiteTeam "Colchester Juniors B"]
[Black "Patel, Rohan"]
[BlackElo "1140"]
[BlackTeam "Edgware Gambits F"]
[Result "1-0"]
[PlyCount "89"]

1. e4 e5 2. Nf3 Nc6 3. Bc4 Be7 4. O-O Nf6 5. d3 O-O 6. Nc3 d6 7. Bg5 Be6 8. Bxe6 fxe6 9. Ne2 h6 10. Bh4 Ng4 11. Bxe7 Qxe7 12. h3 Nf6 13. c4 Nb4 14. a3 Na6 15. b4 c6 16. Nh4 d5 17. Ng6 Qf7 18. Nxf8 Rxf8 19. Ng3 Rd8 20. exd5 cxd5 21. c5 b6 22. cxb6 axb6 23. Qa4 Nc7 24. Qc6 Na8 25. Qa4 e4 26. dxe4 dxe4 27. Rac1 e5 28. Nf5 Nh7 29. Ng3 Nf6 30. Qc2 Qg6 31. Qe2 Nc7 32. Rxc7 Ra8 33. Qc4+ Kh7 34. Qb3 h5 35. Rc6 h4 36. Ne2 Rb8 37. Qe6 Qg5 38. Rxb6 Rxb6 39. Qxb6 Kh6 40. a4 g6 41. a5 Nd7 42. Qc6 Qd8 43. a6 Nb6 44. Qxe4 Qa8 45. Qxa8 1-0

[Event "Junior Online 4NCL Division 4"]
[Site "online"]
[Date "2021.02.18"]
[EventDate "2021.02.18"]
[Round "3.58"]
[White "Rahamim, Liad"]
[WhiteElo "1179"]
[WhiteTeam "Edgware Gambits F"]
[Black "Beer, James"]
[BlackElo "1275"]
[BlackTeam "Colchester Juniors B"]
[Result "1-0"]
[PlyCount "59"]

1. d4 d5 2. Nf3 Nf6 3. g3 Nc6 4. Bg2 Bf5 5. a3 e6 6. O-O Bd6 7. Be3 Qe7 8. Nc3 O-O-O 9. b4 a6 10. Bd2 e5 11. e3 exd4 12. exd4 Bg4 13. Ne2 Rhe8 14. Re1 g6 15. Nf4 Qf8 16. Nd3 Rxe1+ 17. Bxe1 Re8 18. c3 b5 19. a4 Bh5 20. axb5 axb5 21. Qc2 Bxf3 22. Bxf3 Kd7 23. Bg2 Re6 24. Bh3 Qe7 25. Bxe6+ Qxe6 26. Ra8 Ng4 27. h3 Nf6 28. h4 Qh3 29. Qe2 Ng4 30. Qe8# 1-0

[Event "Junior Online 4NCL Division 4"]
[Site "online"]
[Date "2021.02.18"]
[EventDate "2021.02.18"]
[Round "3.61"]
[White "Spitz, Danny"]
[WhiteElo "1107"]
[WhiteTeam "Coldfall Bishops"]
[Black "Timbrell, Matthew"]
[BlackElo "1616"]
[BlackTeam "Somerset Lions"]
[Result "1-0"]
[PlyCount "87"]

1. d4 d5 2. Nc3 Nf6 3. Bf4 c6 4. Nf3 Bf5 5. h3 e6 6. g4 Bg6 7. e3 Bd6 8. Bg5 Nbd7 9. Bd3 Bxd3 10. Qxd3 Qc7 11. e4 dxe4 12. Nxe4 Nxe4 13. Qxe4 h6 14. Be3 Nf6 15. Qd3 O-O-O 16. O-O-O Nd5 17. Bd2 Nf4 18. Qe3 Rhe8 19. d5 exd5 20. Qxa7 Kd7 21. Ba5 Ra8 22. Qxa8 Rxa8 23. Bxc7 Bxc7 24. Kb1 f6 25. c4 Bb6 26. cxd5 Nxd5 27. Rhf1 Re8 28. Rfe1 Rxe1 29. Rxe1 Bxf2 30. Re2 Bc5 31. Kc2 Nf4 32. Rd2+ Ke7 33. Nd4 Nxh3 34. Nf5+ Ke6 35. Nxg7+ Ke5 36. Re2+ Kf4 37. Ne6+ Kxg4 38. Nxc5 Nf4 39. Re4 Kf3 40. Rb4 h5 41. Rxb7 h4 42. Rb3+ Kg4 43. Ne4 h3 44. Nf2+ 1-0

[Event "Junior Online 4NCL Division 4"]
[Site "online"]
[Date "2021.02.18"]
[EventDate "2021.02.18"]
[Round "3.62"]
[White "Keech, Gabriel"]
[WhiteElo "1606"]
[WhiteTeam "Somerset Lions"]
[Black "Haga, Xander"]
[BlackElo "1063"]
[BlackTeam "Coldfall Bishops"]
[Result "1-0"]
[PlyCount "109"]

1. c4 f5 2. Nc3 Nf6 3. g3 g6 4. Bg2 Bg7 5. e3 O-O 6. Nge2 d6 7. O-O e5 8. d4 e4 9. d5 c6 10. Rb1 cxd5 11. Nxd5 Nxd5 12. Qxd5+ Kh8 13. b3 Nc6 14. Bb2 Bxb2 15. Rxb2 Nb4 16. Qd4+ Qf6 17. Qxf6+ Rxf6 18. f3 exf3 19. Bxf3 Be6 20. Bxb7 Rb8 21. Bg2 Re8 22. Rd2 Bf7 23. a3 Na6 24. Kf2 Nc5 25. Nc1 Rfe6 26. Re1 Ne4+ 27. Bxe4 fxe4 28. Red1 Rf6+ 29. Kg2 Rd8 30. Ne2 Rf3 31. Rf1 Rxf1 32. Kxf1 Be6 33. Nc3 Bf5 34. Rd4 Rf8 35. Ke2 Bg4+ 36. Ke1 Bf5 37. Rxd6 Kg7 38. Rd4 Re8 39. b4 Kf6 40. c5 g5 41. c6 h5 42. c7 h4 43. Rd8 Re7 44. Nd5+ Kf7 45. Nxe7 Kxe7 46. c8=Q Bxc8 47. Rxc8 Kd7 48. Rc4 hxg3 49. hxg3 Ke6 50. Rxe4+ Kf5 51. Re7 Kg4 52. Kf2 Kh3 53. Kf3 g4+ 54. Kf2 Kh2 55. Rh7# 1-0

[Event "Junior Online 4NCL Division 4"]
[Site "online"]
[Date "2021.02.18"]
[EventDate "2021.02.18"]
[Round "3.64"]
[White "Ranpura, Kirin"]
[WhiteElo "1379"]
[WhiteTeam "Somerset Lions"]
[Black "Agasee, Emilio"]
[BlackElo "933"]
[BlackTeam "Coldfall Bishops"]
[Result "0-1"]
[PlyCount "108"]

1. d4 d5 2. Bf4 Nf6 3. e3 a6 4. Nd2 Nc6 5. Ngf3 g6 6. c3 Bg7 7. Bd3 O-O 8. O-O e6 9. Qc2 Bd7 10. e4 dxe4 11. Nxe4 Nxe4 12. Bxe4 f5 13. Bd3 Re8 14. Rfe1 Qe7 15. Ne5 Nxe5 16. Bxe5 Bxe5 17. Rxe5 Bc6 18. Rae1 Qg5 19. g3 Qf6 20. Qb3 Bd7 21. Qxb7 Rec8 22. Qb3 Rab8 23. Qc2 Rb6 24. Bc4 Rcb8 25. Bb3 Rb5 26. Bxe6+ Bxe6 27. Rxe6 Qf7 28. Qd3 Rxb2 29. Qxa6 Rc2 30. Re7 Qxa2 31. R7e2 Qxa6 32. Rxc2 Qd3 33. Rcc1 Rb3 34. h4 Rxc3 35. Kh2 Rxc1 36. Rxc1 Qxd4 37. Kg2 Qd6 38. Re1 Kf7 39. Kf1 Qd3+ 40. Kg2 Qd5+ 41. Kf1 Kf6 42. Ra1 Qh1+ 43. Ke2 Qxa1 44. Kf3 Qc3+ 45. Kg2 Qc6+ 46. Kf1 Qf3 47. g4 fxg4 48. h5 gxh5 49. Kg1 c5 50. Kh2 c4 51. Kg1 c3 52. Kh2 c2 53. Kg1 c1=Q+ 54. Kh2 Qch1# 0-1

[Event "Junior Online 4NCL Division 4"]
[Site "online"]
[Date "2021.02.18"]
[EventDate "2021.02.18"]
[Round "3.65"]
[White "Timbrell, Matthew"]
[WhiteElo "1616"]
[WhiteTeam "Somerset Lions"]
[Black "Spitz, Danny"]
[BlackElo "1107"]
[BlackTeam "Coldfall Bishops"]
[Result "1-0"]
[PlyCount "103"]

1. c4 c5 2. Nc3 Nc6 3. g3 g6 4. Bg2 Bg7 5. e3 e6 6. Nge2 Nf6 7. O-O d5 8. cxd5 exd5 9. d4 cxd4 10. Nxd4 Nxd4 11. exd4 O-O 12. Be3 Be6 13. Qb3 Qd7 14. Rac1 Bh3 15. Rfd1 Bxg2 16. Kxg2 Rfd8 17. Na4 b5 18. Nc5 Qc6 19. Qd3 Rab8 20. Bf4 Rbc8 21. Rc2 Bf8 22. Rdc1 Bxc5 23. Rxc5 Qa6 24. Rxc8 Rxc8 25. Rxc8+ Qxc8 26. Qxb5 Qe6 27. Qb8+ Kg7 28. Be5 Kh6 29. Bxf6 Qxf6 30. Qf4+ Qxf4 31. gxf4 Kh5 32. Kg3 f5 33. b4 Kh6 34. a4 Kg7 35. Kf3 Kf7 36. Ke3 Ke7 37. Kd3 Kd7 38. b5 Kc7 39. a5 Kb7 40. Kc3 a6 41. Kb4 Ka7 42. b6+ Kb7 43. Kc5 h5 44. Kxd5 h4 45. h3 g5 46. fxg5 f4 47. g6 f3 48. g7 Kc8 49. g8=Q+ Kd7 50. Qf7+ Kc8 51. Kc6 Kb8 52. Qb7# 1-0

[Event "Junior Online 4NCL Division 4"]
[Site "online"]
[Date "2021.02.18"]
[EventDate "2021.02.18"]
[Round "3.66"]
[White "Haga, Xander"]
[WhiteElo "1063"]
[WhiteTeam "Coldfall Bishops"]
[Black "Keech, Gabriel"]
[BlackElo "1606"]
[BlackTeam "Somerset Lions"]
[Result "1-0"]
[PlyCount "99"]

1. f4 d5 2. Nf3 Nf6 3. g3 c6 4. Bg2 Nbd7 5. O-O Nb6 6. d3 e6 7. Nbd2 Bd6 8. Qe1 O-O 9. e4 dxe4 10. dxe4 Bc5+ 11. Kh1 Qe7 12. e5 Nfd5 13. Nb3 Nd7 14. Nxc5 Qxc5 15. Qd2 f6 16. exf6 N7xf6 17. a3 Ne4 18. Qe2 Ndf6 19. b4 Qb6 20. Ne5 Nc3 21. Qd3 Ncd5 22. c4 Ne7 23. Be3 Qd8 24. Qc2 Nf5 25. Bc5 Re8 26. Rfd1 Qc7 27. Qc3 Rd8 28. Rxd8+ Qxd8 29. Qe1 Nd7 30. Rd1 Qe8 31. Nxd7 Bxd7 32. Bh3 Rd8 33. Bxf5 exf5 34. Qxe8+ Rxe8 35. Rxd7 b6 36. Bf2 Re2 37. Kg2 a6 38. Kf3 Ra2 39. Bxb6 Rxa3+ 40. Kg2 Ra2+ 41. Kh3 Rb2 42. Bc5 Rc2 43. Rd4 Kf7 44. Rd7+ Kf6 45. Rd6+ Kf7 46. Rxc6 Rxc4 47. Rxa6 h6 48. Ra7+ Kf6 49. Rc7 g5 50. Be7+ 1-0

[Event "Junior Online 4NCL Division 4"]
[Site "online"]
[Date "2021.02.18"]
[EventDate "2021.02.18"]
[Round "3.68"]
[White "Agasee, Emilio"]
[WhiteElo "933"]
[WhiteTeam "Coldfall Bishops"]
[Black "Ranpura, Kirin"]
[BlackElo "1379"]
[BlackTeam "Somerset Lions"]
[Result "0-1"]
[PlyCount "130"]

1. e4 e6 2. d4 d5 3. exd5 exd5 4. Bd3 Nf6 5. Nf3 Be7 6. Nbd2 O-O 7. c3 Bg4 8. Qc2 Nbd7 9. O-O c6 10. h3 Bxf3 11. Nxf3 Rc8 12. b4 Nb6 13. Bg5 Nbd7 14. Rfe1 h6 15. Bc1 a6 16. Qe2 Re8 17. Bb2 Bxb4 18. Bh7+ Nxh7 19. Qxe8+ Qxe8 20. Rxe8+ Rxe8 21. cxb4 Nb6 22. Re1 Rxe1+ 23. Nxe1 Nc4 24. Nd3 Nf8 25. Bc3 Ne6 26. a4 Nd6 27. a5 Nf5 28. Nc5 Nfxd4 29. Bxd4 Nxd4 30. Nxb7 Ne6 31. Kf1 d4 32. Nc5 Kf8 33. Nxe6+ fxe6 34. Ke2 Ke7 35. Kd3 e5 36. f4 Kd6 37. fxe5+ Kxe5 38. g4 g6 39. h4 g5 40. h5 Kd5 41. Kc2 Kc4 42. Kd2 Kxb4 43. Kd3 c5 44. Kc2 c4 45. Kd2 c3+ 46. Kc2 Kc4 47. Kc1 d3 48. Kd1 c2+ 49. Kc1 Kd4 50. Kd2 Ke4 51. Kc1 Ke3 52. Kb2 Ke2 53. Kc1 d2+ 54. Kxc2 d1=Q+ 55. Kc3 Qd2+ 56. Kc4 Qd3+ 57. Kc5 Qe4 58. Kb6 Qc4 59. Ka7 Qb3 60. Kxa6 Kd3 61. Ka7 Kc4 62. a6 Kc5 63. Ka8 Kc6 64. Ka7 Kc7 65. Ka8 Qb8# 0-1

[Event "Junior Online 4NCL Division 4"]
[Site "online"]
[Date "2021.02.18"]
[EventDate "2021.02.18"]
[Round "3.71"]
[White "Agbota, Fenu"]
[WhiteElo "1300"]
[WhiteTeam "JHJ Shark Tank 7"]
[Black "Gururaj, Rithwik"]
[BlackElo "1277"]
[BlackTeam "Leeds Juniors 2"]
[Result "0-1"]
[PlyCount "60"]

1. e4 c6 2. d4 d5 3. Nc3 Nf6 4. e5 Nfd7 5. e6 fxe6 6. Be2 e5 7. Bh5+ g6 8. dxe5 Nxe5 9. Be2 Bg7 10. Nf3 Nxf3+ 11. Bxf3 O-O 12. O-O e5 13. b3 e4 14. Ba3 exf3 15. Bxf8 fxg2 16. Kxg2 Bxc3 17. Rc1 Qxf8 18. Qd3 Be5 19. Rce1 Bf5 20. Qe2 Bd6 21. Qd2 Nd7 22. c4 Nc5 23. cxd5 Be4+ 24. f3 Bxd5 25. b4 Ne6 26. b5 Nf4+ 27. Kh1 Bb4 28. Qb2 Bxe1 29. Qc1 Ne2 30. Qe3 Re8 0-1

[Event "Junior Online 4NCL Division 4"]
[Site "online"]
[Date "2021.02.18"]
[EventDate "2021.02.18"]
[Round "3.72"]
[White "Yerabati, Samiksha"]
[WhiteElo "1201"]
[WhiteTeam "Leeds Juniors 2"]
[Black "Gamage, Amias"]
[BlackElo "1300"]
[BlackTeam "JHJ Shark Tank 7"]
[Result "1-0"]
[PlyCount "135"]

1. e4 e5 2. Nf3 Nc6 3. Bb5 Nf6 4. d3 Bc5 5. h3 d6 6. O-O Be6 7. c3 O-O 8. d4 exd4 9. cxd4 Bxd4 10. Nxd4 Nxd4 11. Qxd4 c6 12. Be2 c5 13. Qd3 Qd7 14. Bf4 c4 15. Qd4 Rac8 16. Nc3 Bxh3 17. gxh3 Qxh3 18. Bg3 Rc5 19. Bf3 Rg5 20. Qe3 Rg6 21. Bg2 Qg4 22. Rad1 Nh5 23. Ne2 f5 24. exf5 Rxf5 25. Rd4 Qg5 26. Qxg5 Rgxg5 27. Rxd6 Nxg3 28. Nxg3 Rf6 29. Rd8+ Rf8 30. Bd5+ Rxd5 31. Rxd5 a6 32. Rc1 b5 33. Rd6 Re8 34. Rxa6 h6 35. Rb6 Re5 36. f4 Rd5 37. Kf1 Rd4 38. Ne2 Rd3 39. Rxb5 Rf3+ 40. Ke1 Re3 41. Rxc4 Kh7 42. a3 Re8 43. a4 Ra8 44. a5 Ra6 45. b4 Kg8 46. Rb6 Ra8 47. a6 Ra7 48. b5 Ra8 49. Rc7 Kh7 50. a7 Kg8 51. Rb8+ Rxb8 52. axb8=Q+ Kh7 53. b6 Kg6 54. b7 Kh7 55. Qd8 Kg6 56. b8=Q Kh7 57. Nd4 Kg6 58. Ne6 Kh7 59. Nf8+ Kg8 60. Ng6+ Kh7 61. Qh8+ Kxg6 62. Qxg7+ Kh5 63. Qg6+ Kxg6 64. Qb6+ Kf5 65. Rc5+ Ke4 66. Qb4+ Kf3 67. f5 Ke3 68. Rc3# 1-0

[Event "Junior Online 4NCL Division 4"]
[Site "online"]
[Date "2021.02.18"]
[EventDate "2021.02.18"]
[Round "3.73"]
[White "Nilim, Armaan"]
[WhiteElo "1298"]
[WhiteTeam "JHJ Shark Tank 7"]
[Black "Agrawal, Sahil"]
[BlackElo "1232"]
[BlackTeam "Leeds Juniors 2"]
[Result "1-0"]
[PlyCount "89"]

1. d4 Nf6 2. Nc3 g6 3. e4 d6 4. Bd3 Bg7 5. Bf4 O-O 6. h4 Re8 7. h5 e5 8. hxg6 fxg6 9. dxe5 dxe5 10. Bc4+ Kf8 11. Qxd8 Rxd8 12. Bxe5 h5 13. Bxc7 Rd7 14. Bxb8 Rxb8 15. Nf3 Nh7 16. O-O a6 17. e5 b5 18. Bb3 Bb7 19. e6 Re7 20. Rfe1 b4 21. Na4 Bxf3 22. gxf3 Ng5 23. Kg2 Rb5 24. Rab1 Bd4 25. c3 Ba7 26. Rbd1 Rbb7 27. Rd8+ Kg7 28. cxb4 Rxb4 29. Rd7 Kf6 30. Nc3 Rh4 31. Nd5+ Kf5 32. Nxe7+ Kf6 33. Rxa7 Rf4 34. Nd5+ Kf5 35. Nxf4 Kxf4 36. e7 Nxf3 37. e8=Q Nxe1+ 38. Qxe1 h4 39. Rxa6 g5 40. Qe3+ Kg4 41. Be6+ Kh5 42. Qf3+ Kg6 43. Qf5+ Kg7 44. Qf7+ Kh6 45. Bf5# 1-0

[Event "Junior Online 4NCL Division 4"]
[Site "online"]
[Date "2021.02.18"]
[EventDate "2021.02.18"]
[Round "3.74"]
[White "Sasikumar, Srivathsan"]
[WhiteElo "1104"]
[WhiteTeam "Leeds Juniors 2"]
[Black "Xu, Tianyou"]
[BlackElo "1280"]
[BlackTeam "JHJ Shark Tank 7"]
[Result "1/2-1/2"]
[PlyCount "90"]

1. d4 d5 2. Bf4 Bf5 3. e3 e6 4. Bd3 Bg6 5. Nf3 Nf6 6. c3 c5 7. O-O c4 8. Bc2 Nc6 9. Re1 Bd6 10. Bg3 Bxg3 11. hxg3 Be4 12. Nbd2 O-O 13. Qb1 Bxc2 14. Qxc2 Ng4 15. e4 Qf6 16. e5 Qh6 17. Nf1 Qh5 18. Ne3 Nh6 19. b3 b5 20. a4 a6 21. Ra2 Na5 22. b4 Nb3 23. Nd2 Nxd2 24. Qxd2 Nf5 25. Nxf5 Qxf5 26. Rea1 Rab8 27. a5 f6 28. Re1 g5 29. Qe3 Rbe8 30. Rae2 Qg6 31. Qd2 f5 32. f4 g4 33. Kf2 h5 34. Rh1 Rf7 35. Ree1 Rh7 36. Rh2 Qh6 37. Reh1 Kf7 38. Rh4 Qg6 39. R1h2 Rh6 40. Qe1 Reh8 41. Qh1 R8h7 42. Ke3 Kg7 43. Qg1 Qe8 44. Qf2 Qh8 45. Qe2 Kf7 1/2-1/2

[Event "Junior Online 4NCL Division 4"]
[Site "online"]
[Date "2021.02.18"]
[EventDate "2021.02.18"]
[Round "3.75"]
[White "Gururaj, Rithwik"]
[WhiteElo "1277"]
[WhiteTeam "Leeds Juniors 2"]
[Black "Agbota, Fenu"]
[BlackElo "1300"]
[BlackTeam "JHJ Shark Tank 7"]
[Result "1-0"]
[PlyCount "65"]

1. d4 Nf6 2. c4 e5 3. d5 Bc5 4. Nc3 Ng4 5. e3 d6 6. h3 Nf6 7. Nf3 Bf5 8. a3 a5 9. Nh4 Bg6 10. Nxg6 hxg6 11. e4 Nbd7 12. Be2 Qe7 13. Bd2 Bd4 14. Nb5 O-O-O 15. Bxa5 Nxe4 16. Bxc7 Bxf2+ 17. Kf1 Qh4 18. Bxd8 Rxd8 19. Bf3 Ng3+ 20. Kxf2 Nxh1+ 21. Kg1 Ng3 22. Nxd6+ Kb8 23. Qb3 Nc5 24. Qb6 Qd4+ 25. Kh2 Rf8 26. Nb5 Qxb2 27. Qxc5 Rh8 28. Qa7+ Kc8 29. Qa8+ Kd7 30. Qxb7+ Kd8 31. Qc7+ Ke8 32. Nd6+ Kf8 33. Qxf7# 1-0